| 000 | 00511nmm a2200169Ia 4500 | ||
|---|---|---|---|
| 008 | 251105s9999||||xx |||||||||||||||||und|| | ||
| 020 | _a9788481696011 | ||
| 041 | _aspa | ||
| 100 | _aCarrillo Alday, Salvador | ||
| 245 | 0 |
_aPablo, apóstol de Cristo : _b Su vida y sus epístolas |
|
| 264 |
_a[Madrid, España] : _bEditorial Verbo Divino, _c2008 |
||
| 300 | _a216 páginas | ||
| 490 | _aEstudios bíblicos | ||
| 650 | _aReligion(s) | ||
| 856 | _uhttps://public.digitaliapublishing.com/a/1151 | ||
| 942 | _cCF | ||
| 999 |
_c85919 _d85919 |
||